Tous les personnages clés des films Chicken Run - Statistiques

Statistiques générales
  • Ce quiz a été pris 9 fois
  • Le résultat moyen est 5 sur 19
Statistiques - réponses
Hint Réponse % Correct
Poule Ginger
100%
Coq Rocky
100%
Poule Bernadette (Babs)
40%
Poule Frizzle
40%
Poule Molly
40%
Poule Agnès
20%
Humain Dr. Fly
20%
Poule Edwina
20%
Lutin Gnome
20%
Humain Inspecteur sécurité alimentaire
20%
Humain Mrs Tweedy
20%
Humain Mr Tweedy
20%
Rat Nick
20%
Poule Bunty
0%
Animal Chien (Dogs)
0%
Rat Fetcher
0%
Coq Fowler
0%
Poule Mac
0%
Humain Reginald Smith
0%
Aucun quiz correspondant
Distribution des résultats
% des personnes avec chaque résultat
Percentile par nombre de réponses
Votre historique - résultats
Vous n’avez pas pris ce quiz